Monadological intimacy: (Record no. 1679838)

MARC details
000 -LEADER
fixed length control field 00670 a2200217 4500
005 - DATE AND TIME OF LATEST TRANSACTION
control field 20260423121215.0
008 - FIXED-LENGTH DATA ELEMENTS--GENERAL INFORMATION
fixed length control field 260423b |||||||| |||| 00| 0 eng d
020 ## - INTERNATIONAL STANDARD BOOK NUMBER
International Standard Book Number 9781666925913
037 ## - SOURCE OF ACQUISITION
Terms of availability TB
040 ## - CATALOGING SOURCE
Original cataloging agency CRL
Transcribing agency CRL
041 ## - LANGUAGE CODE
Source of code eng
Language code of text/sound track or separate title eng
084 ## - COLON CLASSIFICATION NUMBER
Classification number R3xK46 R4
Assigning agency CRL
100 ## - MAIN ENTRY--PERSONAL NAME
Personal name Lambert, Jeff
9 (RLIN) 846391
245 ## - TITLE STATEMENT
Title Monadological intimacy:
Remainder of title the relational operation of foldsin leibniz and deleuze
260 ## - PUBLICATION, DISTRIBUTION, ETC.
Place of publication, distribution, etc. Lanham, USA:
Name of publisher, distributor, etc. Lexington Books,
Date of publication, distribution, etc. 2024.
300 ## - PHYSICAL DESCRIPTION
Extent 195p.
365 ## - TRADE PRICE
Price amount 81.00
Currency code GBP
650 ## - SUBJECT ADDED ENTRY--TOPICAL TERM
Topical term or geographic name entry element Philosophy
942 ## - ADDED ENTRY ELEMENTS (KOHA)
Koha item type Textbook
Source of classification or shelving scheme Colon Classification (CC)
Classification part R3xK46 R4
Holdings
Withdrawn status Lost status Source of classification or shelving scheme Damaged status Not for loan Home library Current library Date acquired Source of acquisition Cost, normal purchase price Inventory number Total Checkouts Full call number Barcode Date last seen Cost, replacement price Price effective from Koha item type
    Colon Classification (CC)     Central Library Central Library 2026-04-23 Sunrise Books 8019.00 1250 & 18/2/2026   R3xK46 R4 CL1926424 2026-02-18 10023.75 2026-02-18 Textbook
Copyright @ Delhi University Library System